| Tag |
First Indicator |
Second Indicator |
Subfields |
| LEADER |
00000cam a2200000 4500 |
| 001 |
in00001589286 |
| 005 |
20220103183509.0 |
| 006 |
m u |
| 007 |
cr cn||||||||| |
| 008 |
001006s1996 nyua sb 001 0 eng |
| 010 |
|
|
|z 96002130
|
| 020 |
|
|
|a 0585041687 (electronic bk.) :
|c $45.00
|
| 020 |
|
|
|z 080773540X (cloth : alk. paper)
|
| 020 |
|
|
|z 0807735396 (pbk. : alk. paper)
|
| 035 |
|
|
|a 4976
|b (N$T)
|
| 035 |
|
|
|a nL4976
|
| 040 |
|
|
|a N$T
|c N$T
|d UtOrBLW
|
| 043 |
|
|
|a n-us---
|
| 050 |
1 |
0 |
|a LB2822.82
|b .R38 1996eb
|
| 082 |
0 |
4 |
|a 370/.973
|2 20
|
| 245 |
0 |
0 |
|a Rallying the whole village :
|b the Comer process for reforming education /
|c edited by James P. Comer [and others] ; foreword by Donald J. Cohen and Albert J. Solnit.
|
| 264 |
|
1 |
|a New York, N.Y. :
|b Teachers College Press,
|c [1996]
|
| 264 |
|
4 |
|c ©1996
|
| 300 |
|
|
|a xxi, 185 pages :
|b illustrations ;
|c 24 cm.
|
| 336 |
|
|
|a text
|b txt
|2 rdacontent
|
| 337 |
|
|
|a computer
|b c
|2 rdamedia
|
| 338 |
|
|
|a online resource
|b cr
|2 rdacarrier
|
| 504 |
|
|
|a Includes bibliographical references and index.
|
| 533 |
|
|
|a Electronic reproduction.
|b Boulder, Colo. :
|c NetLibrary,
|d 1999.
|n Available via World Wide Web.
|n Access may be limited to NetLibrary affiliated libraries.
|
| 500 |
|
|
|a Electronic resource.
|
| 650 |
|
0 |
|a Educational change
|z United States.
|0 http://id.loc.gov/authorities/subjects/sh2008102490
|
| 650 |
|
0 |
|a School improvement programs
|z United States.
|0 http://id.loc.gov/authorities/subjects/sh2008111248
|
| 650 |
|
0 |
|a Child development
|z United States.
|0 http://id.loc.gov/authorities/subjects/sh2008100375
|
| 650 |
|
0 |
|a Community and school
|z United States.
|0 http://id.loc.gov/authorities/subjects/sh85029198
|
| 650 |
|
0 |
|a Educational evaluation
|z United States.
|0 http://id.loc.gov/authorities/subjects/sh2008102669
|
| 650 |
|
0 |
|a Teachers
|x Training of
|z United States.
|0 http://id.loc.gov/authorities/subjects/sh85133001
|
| 650 |
|
0 |
|a School environment
|z United States.
|0 http://id.loc.gov/authorities/subjects/sh2008111249
|
| 650 |
|
0 |
|a Education, Urban
|z United States.
|0 http://id.loc.gov/authorities/subjects/sh2008102711
|
| 600 |
1 |
0 |
|a Comer, James P.
|0 http://id.loc.gov/authorities/names/n80065702
|
| 655 |
|
0 |
|a Electronic books.
|
| 700 |
1 |
|
|a Comer, James P.
|0 http://id.loc.gov/authorities/names/n80065702
|
| 710 |
2 |
|
|a NetLibrary, Inc.
|0 http://id.loc.gov/authorities/names/no99080690
|
| 776 |
0 |
|
|c Original
|w (DLC) 96002130
|
| 856 |
4 |
1 |
|u https://proxy.library.tamu.edu/login?url=http://www.netLibrary.com/urlapi.asp?action=summary&v=1&bookid=4976
|z Connect to the full text of this electronic book
|t 0
|
| 999 |
|
|
|a MARS
|
| 999 |
f |
f |
|s 9993ef71-5f16-3b09-97c4-2c692d0ec9cc
|i e05c4881-76f4-32e5-9726-011e3ad6df64
|t 0
|
| 952 |
f |
f |
|a Texas A&M University
|b College Station
|c Electronic Resources
|d Available Online
|t 0
|e LB2822.82 .R38 1996eb
|h Library of Congress classification
|
| 998 |
f |
f |
|a LB2822.82 .R38 1996eb
|t 0
|l Available Online
|